Aktuálne manažérske trendy v teórii a praxi=Actual manager´s trends in theory and praxis
Na minha lista:
| Outros Autores: | |
|---|---|
| Formato: | Livro |
| Publicado em: |
Žilina :
EDIS,
2008
|
| Edição: | 1. vyd. |
| Tags: |
Sem tags, seja o primeiro a adicionar uma tag!
|
MARC
| LEADER | 00000nam a22000003a 4500 | ||
|---|---|---|---|
| 001 | stu190645 | ||
| 005 | 20150617230048.3 | ||
| 008 | 090924s2008----------------------------d | ||
| 020 | |a 978-80-8070-966-2 | ||
| 040 | |a STU |b slo | ||
| 041 | 0 | ||
| 100 | 1 | |a Hittmár, Štefan |4 com | |
| 245 | 1 | |a Aktuálne manažérske trendy v teórii a praxi=Actual manager´s trends in theory and praxis | |
| 250 | |a 1. vyd. | ||
| 260 | |a Žilina : |b EDIS, |c 2008 | ||
| 996 | |b 284M088152 |c M* 13780-1 |l MMKN |s A |a 24 |w stu190645_0001 | ||